Statistics for Football Friends

Click here to take the quiz!

General Stats

  • This quiz has been taken 38 times
  • The average score is 26 of 32

Answer Stats

Answer% Correct
Messi and Puyol
100%
Puyol and Ronaldinho
97%
Ramos and Mbappé
97%
Drogba and Lampard
94%
Lampard and Pirlo
94%
Pirlo and Pogba
94%
Ronaldinho and Beckham
94%
Kompany and Agüero
91%
Marcelo and Ronaldo
91%
Özil and Marcelo
91%
Werner and Havertz
91%
Aubameyang and Özil
88%
Beckham and Scholes
88%
Mbappé and Silva
88%
Scholes and van Nistelrooy
88%
Silva and Kompany
85%
Agüero and Forlan
82%
Martinez and Aubameyang
82%
Sneijder and Drogba
82%
van Nistelrooy and Ramos
82%
Keïta and Werner
79%
Oxlade-Chamberlain and Keïta
79%
Pogba and Mata
79%
Sánchez and Oxlade-Chamberlain
79%
Bellerín and Sánchez
76%
Havertz and Bailey
76%
Bailey and Martinez
70%
Milito and Sneijder
58%
Forlan and Cambiasso
52%
Cambiasso and Milito
48%
Joaquín and Bellerín
45%
Mata and Joaquín
45%

Score Distribution

Percentile by Number Answered

Percent of People with Each Score

Your Score History

You have not taken this quiz